[Event "Crema op 10th"]
[Site "Crema"]
[Date "2008.09.07"]
[Round "6"]
[White "Annoni, Riccardo"]
[Black "Masotti, Roberto"]
[Result "1-0"]
[WhiteElo "2068"]
[BlackElo "1954"]
[PlyCount "71"]
[EventDate "2008.09.05"]
[EventType "swiss"]
[EventRounds "6"]
[EventCountry "ITA"]
[SourceTitle "EXT 2011"]
[Source "ChessBase"]
[SourceDate "2010.11.26"]
[SourceVersion "1"]
[SourceVersionDate "2010.11.26"]
[SourceQuality "1"]

1. e4 c5 2. Nc3 e6 3. Nge2 d5 4. exd5 exd5 5. d4 Nf6 6. Bg5 Be7 7. g3 cxd4 8. Qxd4 Nc6 9. Qd2 0-0 10. Bg2 Qb6 11. Rb1 d4 12. Bxf6 Bxf6 13. Nd5 Qd8 14. 0-0 Bg4 15. Nxf6+ Qxf6 16. Rfe1 Rad8 17. h3 Bf5 18. Nc1 Ne5 19. Nd3 Nxd3 20. cxd3 Qa6 21. Bf1 Rfe8 22. a3 Re6 23. g4 Rg6 24. Re5 Be6 25. Rbe1 f5 26. g5 h6 27. h4 hxg5 28. hxg5 Kf7 29. f4 Rh8 30. Qb4 Rh4 31. Qxd4 Rxg5+ 32. Bg2 Rhg4 33. R1e2 Rg6 34. Kf1 Rg3 35. Rxe6 Rxg2 36. Rxa6 1-0

[Event "Crema op 09th"]
[Site "Crema"]
[Date "2007.09.09"]
[Round "6"]
[White "Acunzo, Domenico"]
[Black "Masotti, Roberto"]
[Result "0-1"]
[WhiteElo "1776"]
[BlackElo "1948"]
[PlyCount "146"]
[EventDate "2007.09.07"]
[EventType "swiss"]
[EventRounds "6"]
[EventCountry "ITA"]
[SourceTitle "EXT 2009"]
[Source "ChessBase"]
[SourceDate "2008.11.26"]
[SourceVersion "1"]
[SourceVersionDate "2008.11.26"]
[SourceQuality "1"]

1. e4 c5 2. Nf3 d6 3. h3 Nf6 4. c3 Nbd7 5. Bd3 b6 6. Qe2 Bb7 7. Bc2 Rc8 8. 0-0 Qc7 9. Re1 e5 10. d3 Be7 11. Nbd2 0-0 12. Nf1 Rfe8 13. Ng3 g6 14. Ng5 d5 15. exd5 Bxd5 16. N5e4 c4 17. dxc4 Bxc4 18. Bd3 Nxe4 19. Nxe4 f5 20. Bxc4+ Qxc4 21. Qxc4+ Rxc4 22. Nd2 Rc6 23. Nf3 Bf8 24. Bd2 Bg7 25. Rad1 Rce6 26. Bh6 R6e7 27. Bxg7 Kxg7 28. Rd2 e4 29. Rde2 Kf6 30. Nd4 Ne5 31. Kf1 Rc8 32. Rb1 Rd7 33. f3 exf3 34. Nxf3 Nxf3 35. gxf3 Kg5 36. Kg2 Kf4 37. Rbe1 Rcc7 38. Rf2 Rd3 39. Ree2 Rcd7 40. Rc2 Re3 41. b4 Rdd3 42. c4 Rxf3 43. Rxf3+ Rxf3 44. c5 Rd3 45. c6 Rd8 46. b5 Ke3 47. a4 Kd3 48. Rf2 Rd4 49. Rf3+ Kc2 50. Kg3 Rxa4 51. Rf4 Ra3+ 52. Kh4 Rc3 53. Kg5 Kb3 54. h4 Rc5 55. Kh6 Rxb5 56. Kxh7 Rc5 57. Kxg6 Rxc6+ 58. Kxf5 Rc1 59. h5 Rh1 60. Kg6 a5 61. h6 Rxh6+ 62. Kxh6 b5 63. Rf3+ Ka4 64. Kg5 b4 65. Kf5 b3 66. Ke4 b2 67. Rf1 Kb3 68. Kd3 a4 69. Kd2 a3 70. Rb1 Ka2 71. Rf1 b1Q 72. Rxb1 Kxb1 73. Kd3 a2 0-1

[Event "Crema op 09th"]
[Site "Crema"]
[Date "2007.09.09"]
[Round "5"]
[White "Masotti, Roberto"]
[Black "Tagliaferri, Valerio"]
[Result "1/2-1/2"]
[WhiteElo "1948"]
[BlackElo "1440"]
[PlyCount "115"]
[EventDate "2007.09.07"]
[EventType "swiss"]
[EventRounds "6"]
[EventCountry "ITA"]
[SourceTitle "EXT 2009"]
[Source "ChessBase"]
[SourceDate "2008.11.26"]
[SourceVersion "1"]
[SourceVersionDate "2008.11.26"]
[SourceQuality "1"]

1. Nf3 d5 2. d4 Nf6 3. c4 c6 4. e3 Bg4 5. Nc3 e6 6. h3 Bh5 7. g4 Bg6 8. Ne5 Nbd7 9. h4 dxc4 10. Nxd7 Qxd7 11. Bxc4 h5 12. g5 Ne4 13. Nxe4 Bxe4 14. f3 Bd5 15. Bd3 c5 16. e4 Bc6 17. dxc5 Bxc5 18. Qc2 Bb4+ 19. Kf2 Rc8 20. Qe2 Bc5+ 21. Be3 Qe7 22. Rac1 Bxe3+ 23. Qxe3 Qb4 24. Rc2 a5 25. Rhc1 0-0 26. Qe2 Rcd8 27. Bc4 Qc5+ 28. Kg2 Qd4 29. Bb5 Bxb5 30. Qxb5 b6 31. Kf1 f5 32. gxf6 Rxf6 33. Rf2 e5 34. Qc4+ Qxc4+ 35. Rxc4 g6 36. Ke2 Rdd6 37. Rc7 Rf4 38. Re7 Rxh4 39. Rxe5 Kf7 40. Rb5 Rh1 41. f4 Rhd1 42. f5 R1d2+ 43. Kf3 Rxf2+ 44. Kxf2 g5 45. e5 Rc6 46. Kg3 Rc5 47. e6+ Ke7 48. Rxb6 Rxf5 49. Ra6 Rd5 50. Rb6 Rd3+ 51. Kg2 h4 52. Rb5 g4 53. Rxa5 Rd2+ 54. Kf1 g3 55. Ra4 Rxb2 56. Rxh4 Rxa2 57. Rg4 Ra3 58. Kg2 1/2-1/2

[Event "Bratto Martesana op"]
[Site "Bratto"]
[Date "2006.11.19"]
[Round "6"]
[White "Marino, Marco"]
[Black "Masotti, Roberto"]
[Result "0-1"]
[WhiteElo "1863"]
[BlackElo "1892"]
[PlyCount "114"]
[EventDate "2006.11.11"]
[EventType "swiss"]
[EventRounds "6"]
[EventCountry "ITA"]
[SourceTitle "EXT 2008"]
[Source "ChessBase"]
[SourceDate "2007.11.25"]
[SourceVersion "1"]
[SourceVersionDate "2007.11.25"]
[SourceQuality "1"]

1. e4 Nf6 2. e5 Nd5 3. d4 d6 4. Nf3 dxe5 5. Nxe5 c6 6. Be2 Bf5 7. 0-0 Nd7 8. Nf3 e6 9. a3 Bd6 10. c4 Nf4 11. Nc3 0-0 12. h3 Re8 13. Bxf4 Bxf4 14. Bd3 Bxd3 15. Qxd3 Ne5 16. Nxe5 Bxe5 17. Rad1 Bc7 18. Qf3 Qh4 19. Qg4 Qxg4 20. hxg4 Rad8 21. g3 Rd7 22. d5 cxd5 23. cxd5 exd5 24. Rxd5 Red8 25. Rfd1 Rxd5 26. Rxd5 Rxd5 27. Nxd5 Be5 28. b3 Kf8 29. Kg2 Ke8 30. Kf3 Kd7 31. Ke4 Bb2 32. a4 Kc6 33. Nb4+ Kd6 34. Nd3 Bc3 35. b4 a6 36. g5 b6 37. b5 axb5 38. axb5 Ke6 39. Nf4+ Kd6 40. Nd3 f6 41. gxf6 Bxf6 42. f4 Bc3 43. g4 Bd2 44. f5 Bg5 45. Nf4 Bh4 46. Ne6 Bf6 47. g5 Bb2 48. Nf4 Bc1 49. Ne6 h6 50. f6 Kxe6 51. fxg7 Kf7 52. gxh6 Bxh6 53. Kd5 Bxg7 54. Kc6 Bd4 55. Kd5 Bc5 56. Ke5 Ke7 57. Kd5 Kf6 0-1

[Event "Lodi op"]
[Site "Lodi"]
[Date "2006.06.11"]
[Round "9"]
[White "Astengo, Marcello"]
[Black "Masotti, Roberto"]
[Result "1/2-1/2"]
[WhiteElo "2096"]
[BlackElo "1856"]
[PlyCount "68"]
[EventDate "2006.06.05"]
[EventType "swiss"]
[EventRounds "9"]
[EventCountry "ITA"]
[SourceTitle "CBM 112 Extra"]
[Source "ChessBase"]
[SourceDate "2006.07.14"]
[SourceVersion "1"]
[SourceVersionDate "2006.07.14"]
[SourceQuality "1"]

1. d4 d5 2. c4 Nc6 3. Nc3 dxc4 4. e3 Nf6 5. Bxc4 e5 6. d5 Na5 7. Be2 c6 8. e4 Bb4 9. Qa4 Bxc3+ 10. bxc3 b5 11. Qb4 cxd5 12. Bxb5+ Bd7 13. exd5 Rb8 14. Bxd7+ Nxd7 15. Qa3 Nc4 16. Qa4 Qh4 17. Ne2 Qe4 18. Ba3 Rb1+ 19. Rxb1 Qxb1+ 20. Bc1 Qe4 21. Qc6 Ncb6 22. Be3 0-0 23. 0-0 Qxd5 24. Qxd5 Nxd5 25. Rd1 N7f6 26. a3 Nxe3 27. fxe3 Rc8 28. Rb1 Kf8 29. Rb7 a6 30. Rb6 Nd5 31. Rxa6 Nxc3 32. Nxc3 Rxc3 33. Kf2 Ke7 34. a4 e4 1/2-1/2

[Event "Cesenatico op 9th"]
[Site "Cesenatico"]
[Date "2004.09.06"]
[Round "3"]
[White "Masotti, Roberto"]
[Black "Pruesse, Horst"]
[Result "0-1"]
[WhiteElo "1874"]
[BlackElo "2126"]
[PlyCount "90"]
[EventDate "2004.09.04"]
[EventType "swiss"]
[EventRounds "9"]
[EventCountry "ITA"]
[SourceTitle "EXT 2007"]
[Source "ChessBase"]
[SourceDate "2006.11.23"]
[SourceVersion "1"]
[SourceVersionDate "2006.11.23"]
[SourceQuality "1"]

1. Nf3 Nc6 2. d4 d5 3. e3 Bg4 4. Be2 Nf6 5. Nbd2 e6 6. 0-0 Bd6 7. c4 0-0 8. c5 Be7 9. Qa4 Qe8 10. Bb5 a6 11. Bxc6 bxc6 12. Ne5 Be2 13. Re1 Bb5 14. Qa5 Ne4 15. a4 f6 16. Nef3 Bd3 17. Ra3 Nxd2 18. Nxd2 Bf5 19. e4 dxe4 20. Nxe4 Qd7 21. Ng3 Bg6 22. Be3 Rfb8 23. Qc3 Qd5 24. Bf4 Rb7 25. Nf1 Rab8 26. Ne3 Qe4 27. Bg3 Bf7 28. f3 Qg6 29. Nc4 e5 30. Na5 exd4 31. Qxd4 Rb4 32. Qc3 Bf8 33. Nxc6 Rc4 34. Qd3 Bxc5+ 35. Kh1 Bxa3 36. Qxg6 Bxg6 37. Nxb8 Bb4 38. Rd1 a5 39. Rd8+ Bf8 40. h3 Kf7 41. Rd7+ Ke6 42. Rxc7 Rxc7 43. Bxc7 Bd6 44. Bxa5 Bxb8 45. Kg1 Bc2 0-1

[Event "Crema op 03rd"]
[Site "Crema"]
[Date "2001.09.08"]
[Round "3"]
[White "Bosi, Roberto"]
[Black "Masotti, Roberto"]
[Result "0-1"]
[WhiteElo "1434"]
[BlackElo "1639"]
[PlyCount "94"]
[EventDate "2001.09.07"]
[EventType "swiss"]
[EventRounds "6"]
[EventCountry "ITA"]
[SourceTitle "EXT 2007"]
[Source "ChessBase"]
[SourceDate "2006.11.23"]
[SourceVersion "1"]
[SourceVersionDate "2006.11.23"]
[SourceQuality "1"]

1. d4 d5 2. c4 c6 3. Nf3 Nf6 4. Nc3 e6 5. Bg5 dxc4 6. a4 Bb4 7. Qc2 Nbd7 8. e4 Qa5 9. Bd2 b5 10. Be2 Bb7 11. 0-0 Qb6 12. Be3 Bxc3 13. bxc3 c5 14. Nd2 a6 15. Rfb1 Qc6 16. Bf3 0-0 17. e5 Nd5 18. Ne4 f6 19. Nd6 fxe5 20. Nxb7 Qxb7 21. axb5 axb5 22. Rxa8 Rxa8 23. Be4 exd4 24. cxd4 N7f6 25. Bf3 Qa6 26. dxc5 b4 27. Be2 Nc3 28. Rxb4 Qa1+ 29. Bf1 Ra2 30. Rb8+ Kf7 31. Rb7+ Ke8 32. Rb8+ Kd7 33. Qc1 Qxc1 34. Bxc1 Ra1 35. c6+ Kxc6 36. f3 Rxc1 37. Kf2 Ncd5 38. Rc8+ Kb5 39. Rb8+ Ka4 40. Ra8+ Kb3 41. Rb8+ Nb4 42. Rb7 c3 43. Rc7 c2 44. Bc4+ Kb2 45. Rb7 Nfd5 46. Bxd5 exd5 47. Rxb4+ Kc3 0-1